[Event "Las Canas Easter op 1st"]
[Site "Las Canas"]
[Date "2022.04.17"]
[Round "4"]
[White "Martinez Garay, Carlos"]
[Black "Escalada, Fernando"]
[Result "1/2-1/2"]
[WhiteElo "1770"]
[BlackElo "1663"]
[PlyCount "58"]
[EventDate "2022.04.16"]
[EventType "swiss"]
[EventRounds "5"]
[EventCountry "URU"]
[SourceTitle "CBM 207 Extra"]
[Source "ChessBase"]
[SourceDate "2022.05.31"]
[SourceVersion "1"]
[SourceVersionDate "2022.05.31"]
[SourceQuality "1"]

1. e4 e5 2. Nf3 d6 3. d4 exd4 4. Nxd4 Nf6 5. Nc3 Be7 6. Be2 0-0 7. 0-0 Bd7 8. Be3 Nc6 9. f4 Nxd4 10. Bxd4 Bc6 11. Bd3 Re8 12. Qf3 Bf8 13. Rae1 Nd7 14. g4 Nc5 15. Bxc5 dxc5 16. Nd5 b5 17. c4 a6 18. b3 Rb8 19. Qh3 Bxd5 20. exd5 g6 21. f5 Qg5 22. fxg6 fxg6 23. Qf3 Re7 24. Rxe7 Qxe7 25. Rf2 b4 26. Re2 Qf7 27. Qxf7+ Kxf7 28. Kg2 Re8 29. Rxe8 Kxe8 1/2-1/2